000 00838cam a2200265 a 4500
001 000018131
005 20200929165352.0
008 740906s1969 fr 000 f fre d
040 _aDO-SdBNP
_bfre
_cLC
_dBNPHU
042 _apremarc
082 _a843.914
_bB861c
100 1 _aBrisville, Jean-Claude,
_d1922-
_939285
245 1 0 _aCamus /
_cJean-Claude Brisville.
260 _a[Paris] :
_bGallimard,
_c1969.
300 _a221 p. ;
_c17 cm.
490 1 _aPour une bibliotheque idéale,
_v8
504 _aBibliografía: p. [207]-215.
600 1 0 _aCamus, Albert,
_d1913-1960
_94231
650 4 _aNovela francesa
_91075
650 4 _aLiteratura francesa
_91074
700 1 _aCamus, Albert,
_d1913-1960.
_tSelections.
_939286
830 0 _aPour une bibliotheque idéale,
_v8
_939287
910 _aCatalogación derivada
049 _aBNGR
999 _c17652
_d17652